|
|
|
|
| LEADER |
00000cab a2200000 a 4500 |
| 001 |
vtls010424416 |
| 003 |
SK-MaSNL |
| 005 |
20260318114331.0 |
| 008 |
120521c2012 xo wr p 000 c0ukr |
| 015 |
|
|
|a SNBRB2012/05
|
| 038 |
|
|
|a SVKPOCL
|
| 040 |
|
|
|a SVKPOCL
|b slo
|c SVKPOCL
|e AACR2
|
| 041 |
0 |
|
|a ukr
|
| 044 |
|
|
|a xo
|c SK
|
| 080 |
|
|
|a 821.161.2-1
|2 2001
|
| 080 |
|
|
|a 80(=16)+908(4)
|2 2001
|
| 080 |
|
|
|a 929 Antonyč, Bohdan Ihor
|2 2001
|
| 080 |
|
|
|a 821.161.2-1-051
|x (048.8)
|x (048)
|2 2001
|
| 100 |
1 |
|
|a Jackanin, Ivan,
|d 1950-
|4 aut
|9 103637
|
| 245 |
1 |
0 |
|a Kaminci v mozajiku žyttja poeta
|c Ivan Jackanyn
|
| 300 |
|
|
|b Fotogr.
|
| 650 |
0 |
7 |
|a ukrajinská literatúra
|2 svkpocl
|9 1218
|
| 650 |
0 |
7 |
|a ukrajinskí básnici
|2 svkpocl
|9 78692
|
| 650 |
0 |
7 |
|a monografie
|2 svkpocl
|9 256509
|
| 650 |
0 |
7 |
|a slavistika
|2 svkpocl
|9 4282
|
| 650 |
0 |
7 |
|a život a dielo
|2 svkpocl
|9 276287
|
| 651 |
|
7 |
|a Ukrajina
|2 svkpocl
|9 168045
|
| 655 |
|
7 |
|a recenzie
|2 svkpocl
|9 21907
|
| 773 |
0 |
|
|t Nove žyttja
|g Roč. 62, č. 5 (2012), s. 5
|
| 787 |
0 |
8 |
|i Rec.:
|a Kalynec', Ihor, 1939-
|t Znane i neznane pro Antonyča : materialy do biohrafiji Bohdana Ihorja Antonyča
|d L'viv : «Drukarni kunšty», 2011
|
| 852 |
|
|
|a SVKPO
|b KIS3GCP
|
| 856 |
4 |
1 |
|u www.rusini-ukrajinci.tym.sk
|
| 958 |
|
|
|a UK
|
| 958 |
|
|
|a SK
|
| 958 |
|
|
|a SS
|
| 958 |
|
|
|a BC
|
| 958 |
|
|
|a LX
|
| 958 |
|
|
|a UA
|
| 958 |
|
|
|a RC
|
| 999 |
|
|
|c 3362084
|d 3364014
|